000 01496cam a2200289 a 4500
001 1780
003 BD-RjUL
005 20211208233417.0
008 1312 s20041951inu b 001 0 eng
035 _a(BD-RjUL)1807
040 _aDLC
_cDLC
_dDLC
_dBD-RjUL
_beng
041 _aeng
082 0 0 _a330.1513092
_221
_bWOR 1952-1962
245 1 4 _aThe works and correspondence of David Ricardo /
_cedited by Piero Sraffa ; with the collaboration of M.H. Dobb.
260 _aIndianapolis, IN :
_bLiberty Fund ,
_c1952 [reprint1952-1962]
300 _a V. :
_bill. ;
_c23 cm.
500 _aOriginally published: Cambridge : At the Univesrity Press for the Royal Economic Society, 1951-1973.
504 _aIncludes bibliographical references and index.
505 0 _av. 1. On the principles of political economy and taxation -- v. 2. Notes on Malthus's principles of political economy -- v. 3. Pamphlets and papers, 1809-1811 -- v. 4. Pamphlets and papers, 1815-1823 -- v. 5. Speeches and evidence -- v. 6. Letters, 1810-1815 -- v. 7. Letters, 1816-1818 -- v. 8. Letters, 1819-June 1821 -- v. 9. Letters, July 1821-1823 -- v. 10. Biographical miscellany -- v. 11. General index.
650 0 _aEconomics.
_95898
650 0 _aTaxation.
_95899
700 1 _aSraffa, Piero.
_95900
700 1 _aDobb, Maurice,
_d1900-1976.
_95901
856 _uhttp://www.worldcat.org/title/works-and-correspondence-of-david-ricardo/oclc/49332894&referer=brief_results
942 _2ddc
_cBK
999 _c1780
_d1780